000 00472nam a22001937a 4500
003 LK-CoMWRAF
005 20231120223059.0
008 231120b |||||||| |||| 00| 0 eng d
020 _a8178981475
040 _aLK-CoMWRAF
_dLK-CoMWRAF
_eLK-CoMWRAF
041 _aeng
082 _a823
_bKHA
100 _aKhan, Saniyasnain
245 _aThe Story of the Prophet Musa
260 _bGoodword books,
_c2003
300 _a32p
650 _aChildren stories
942 _cBK
999 _c4182
_d4182